| 000 | 01153cam a2200325 i 4500 | ||
|---|---|---|---|
| 999 |
_c200446129 _d64341 |
||
| 001 | 200446129 | ||
| 003 | TR-AnTOB | ||
| 005 | 20231009162930.0 | ||
| 007 | ta | ||
| 008 | 060331s1991 tu a 000 0 tur d | ||
| 035 | _a(OCoLC)1031220078 | ||
| 035 | _a(TR-AnTOB)200446129 | ||
| 040 |
_aSULEY _beng _erda _cSULEY _dTR-AnTOB |
||
| 041 | 0 | _atur | |
| 050 | 1 | 4 |
_aHG3745 _b.U48 1997 |
| 099 | _a346.074 ULU 1997 | ||
| 245 | 0 | 0 |
_aUluslararası bir ödeme ve garanti aracı akreditif / _cHazırlayan Araştırma ve Geliştirme Başkanlığı (Araştırma Daire Başkanı Şule Yıldırım tarafından revize edilerek hazırlanmıştır.). |
| 250 | _a5. baskı : Mayıs 1997 | ||
| 264 | 1 |
_aAnkara : _bİGEME, _c1997. |
|
| 300 |
_a22 pages : _billustrations ; _c27 cm |
||
| 336 |
_atext _btxt _2rdacontent |
||
| 337 |
_aunmediated _bn _2rdamedia |
||
| 338 |
_avolume _bnc _2rdacarrier |
||
| 490 | 0 | _aİhracatta pratik bilgiler | |
| 650 | 7 |
_aAkreditif _2etuturkob _9134915 |
|
| 700 | 1 |
_aYıldırım, Şule _eeditor _9128853 |
|
| 710 | 2 |
_aİhracatı Geliştirme Etüd Merkezi (Turkey) _eissuing body _918691 |
|
| 942 |
_2lcc _cBK |
||